01226nam a2200277 a 450000100100000000500170001000800410002704000250006808200190009310000300011224500510014226000450019330000200023849000370025850000510029559000250034665000350037165100410040665000600044771001050050783000440061291000370065695201100069395201300080399900150093300000586720200929151822.0090824s2000 dr 001 0 spa d aDO-SdBNPbspacBNPHU a344.099bH878L1 aMorrison, Heriberto9649510aLey general de deportes /cHeriberto Morrison. aSanto Domingo :bAmigo del Hogar,c2000. a77 p. ;c22 cm.1 aConversatorios de la reformav21 aConversatorio realizado el 9 de junio de 1999. aInventariado,2018/DG 4aDeportesxLegislación916540 4aRepública DominicanaxLeyes916541 4aReformas constitucionaleszRepública Dominicana9831312aRepública Dominicana.bComisión Presidencial para la Reforma y Modernización del Estado.97089 0aConversatorios de la reformav21916542 aValidado. Control de calidad EMS 00102ddc51718PDaPDbPDcHDd2009-08-24iLF1l0o344.099 H878lp5867-10r2020-06-25w2020-06-25yLFPD 00102ddc53728PDaPDbPDcHDd2009-08-24eDonacióniLF1l0o344.099 H878lp2020-0592r2020-11-25te. 2w2020-06-25yLFPD c5663d5663